Phân lập một số dòng vi khuẩn Chlorobium có khả năng khử Hydro sulfide ở ao nuôi tom công nghiệp : Chuyên ngành: công nghệ sinh học
Nội dung đề tài phân lập được một số dòng vi khuẩn Chlorobium để khử H2S, ít tốn kèm, hiệu quả và không gây ô nhiễm môi trường ở ao nuôi tôm công nghiệp.
Αποθηκεύτηκε σε:
| Κύριος συγγραφέας: | |
|---|---|
| Μορφή: | Βιβλίο |
| Γλώσσα: | Undetermined |
| Έκδοση: |
Cần Thơ
Trường Đại học Cần Thơ
2008
|
| Θέματα: | |
| Ετικέτες: |
Προσθήκη ετικέτας
Δεν υπάρχουν, Καταχωρήστε ετικέτα πρώτοι!
|
| Thư viện lưu trữ: | Trung tâm Học liệu Trường Đại học Cần Thơ |
|---|
| LEADER | 01077nam a2200205Ia 4500 | ||
|---|---|---|---|
| 001 | CTU_137205 | ||
| 008 | 210402s9999 xx 000 0 und d | ||
| 082 | |a 660.6 | ||
| 082 | |b S464 | ||
| 100 | |a Lê, Trường Sơn | ||
| 245 | 0 | |a Phân lập một số dòng vi khuẩn Chlorobium có khả năng khử Hydro sulfide ở ao nuôi tom công nghiệp : | |
| 245 | 0 | |b Chuyên ngành: công nghệ sinh học | |
| 245 | 0 | |c Lê Trường Sơn ; Nguyễn Hữu Hiệp giáo viên hướng dẫn | |
| 260 | |a Cần Thơ | ||
| 260 | |b Trường Đại học Cần Thơ | ||
| 260 | |c 2008 | ||
| 520 | |a Nội dung đề tài phân lập được một số dòng vi khuẩn Chlorobium để khử H2S, ít tốn kèm, hiệu quả và không gây ô nhiễm môi trường ở ao nuôi tôm công nghiệp. | ||
| 650 | |a Agricultural biotechnology,Công nghệ sinh học nông nghiệp | ||
| 904 | |i Tuyến | ||
| 980 | |a Trung tâm Học liệu Trường Đại học Cần Thơ | ||